000 00950nam a22002777a 4500
001 0074
003 DO-SdBNP
005 20151110102602.0
007 0074
008 151013b dr 2004 xxu||||| |||| 00| 0 spa d
020 _a9789993498650
040 _aBPMSU
_bspa
_cBPMSU
092 _aRD863.4208
_bC112L
245 _aCaballo loco y otros cuentos /
_cRafael A. Deligne... [et al.]. ; selección de Andrés Blanco DíazAndrés Blanco Díaz
260 _aSanto Domingo :
_bAlfaguara,
_c2004
_g(2008, 2009 reimpresión)
300 _a125 p. :
_bil.,
_c20 cm.
490 1 0 _aAlfaguara infantil
500 _aLa biblioteca posee las reimpresiones del 2008 y 2009
650 4 _aCUENTOS INFANTILES DOMINICANOS
_xCOLECCIONES
650 4 _aLITERATURA INFANTIL DOMINICANA
_xCOLECCIONES
650 4 _aCUENTOS INFANTILES
_xCOLECCIONES
830 0 0 _aAlfaguara infantil
910 _aControl de calidad MFF
942 _2ddc
_cBK
956 _aBrenda Tavárez
999 _c8370
_d8370